书目信息 |
| 题名: |
第一野战军征战纪实
|
|
| 作者: | 许福芦 著 | |
| 分册: | ||
| 出版信息: | 北京 解放军文艺出版社 2000.10 |
|
| 页数: | 736页 | |
| 开本: | 20cm | |
| 丛书名: | 中国人民解放军征战纪实丛书·解放军征战卷 | |
| 单 册: | ||
| 中图分类: | I253.2 | |
| 科图分类: | ||
| 主题词: | 报告文学--中国 , 传记文学--中国 | |
| 电子资源: | ||
| ISBN: | 7-5033-1477-X | |
| 000 | 00707nam0 2200229 45 | |
| 001 | 0357601412 | |
| 005 | 2003041516000096 | |
| 010 | @a7-5033-1477-X@dRMB 40.00 | |
| 100 | @a20030415d2000 km y0chiy0120 ea | |
| 101 | 0 | @achi |
| 102 | @aCN@b110000 | |
| 200 | 1 | @a第一野战军征战纪实@Adi yi ye zhan jun zheng zhan ji shi@f许福芦著@FXu Fu Lu Zhu |
| 210 | @a北京@c解放军文艺出版社@d2000.10 | |
| 215 | @a736页@d20cm | |
| 225 | 2 | @a中国人民解放军征战纪实丛书·解放军征战卷 |
| 410 | 0 | @12001 @a中国人民解放军征战纪实丛书·解放军征战卷 |
| 606 | 0 | @a报告文学@x中国 |
| 606 | 0 | @a传记文学@x中国 |
| 690 | @aI253.2@v3 | |
| 701 | 0 | @a许福芦@AXu Fu Lu@4著 |
| 801 | 0 | @aCN@bPFT@c20030415 |
| 905 | @a10447@dI253.2@eX863 | |
| 第一野战军征战纪实/许福芦著.-北京:解放军文艺出版社,2000.10 |
| 736页;20cm.-(中国人民解放军征战纪实丛书·解放军征战卷) |
| ISBN 7-5033-1477-X:RMB 40.00 |
| ● |
| 相关链接 |
|
|
|
正题名:第一野战军征战纪实
索取号:I253.2/X863
 
预约/预借
| 序号 | 登录号 | 条形码 | 馆藏地/架位号 | 状态 | 备注 |
| 1 | 365660 | 203656604 | 社科二线400B/400B社科库 24排2列2层/ [索取号:I253.2/X863] | 在馆 | |
| 2 | 365661 | 203656613 | 社科二线400B/400B社科库 24排2列2层/ [索取号:I253.2/X863] | 在馆 |